000 00639nam a2200241Ia 4500
003 OSt
005 20220918221850.0
006 a|||||r|||| 00| 0
007 ta
008 220917b |||||||| |||| 00| 0 eng d
024 _a210,436
037 _cTextual
040 _aARTS
_cARTS
_beng
041 _2eng
_aeng
082 _aQ2:23a, N2
100 _aBanerji Sures Chandra
245 0 _aNew light on Tantra
260 _aCalcutta
_bPunthi pustak India
_c1992
300 _axviii,697p. Plates11
_ccm.
650 _aRELIGION
942 _hQ2:23a, N2
_cTEXL
_2CC
999 _c273853
_d273853